| 000 | 00664cam a2200205 a 4500 | ||
|---|---|---|---|
| 020 | _a0824058283 (alk. paper) : | ||
| 082 | 0 | 0 |
_a301 _bSTO |
| 100 | 1 |
_aStoddard, Lothrop, _949243 |
|
| 245 | 1 | 4 |
_aThe revolt against civilization : _bthe menace of the under man / _cLothrop Stoddard. |
| 260 |
_aNew York : _bGarland Pub., _c1984, c1922. |
||
| 300 |
_a274 p. ; _c23 cm. |
||
| 500 | _aReprint. Originally published: New York : Scribner, 1923. | ||
| 526 |
_a0 _b0 _c0 _d301_000000000000000_STO |
||
| 650 | 0 |
_aCivilization. _932629 |
|
| 650 | 0 | _aCommunism. | |
| 650 | 0 |
_aDegeneration. _949244 |
|
| 650 | 0 |
_aMCE _9379 |
|
| 650 | 0 |
_aRevolutions. _948721 |
|
| 942 |
_2ddc _cBK |
||
| 999 |
_c552053 _d552053 |
||